Základní MARC

Záznam Geographic Name

Počet záznamů používajících tuto autoritu: 1

001 - CONTROL NUMBER

  • control field: 20633

003 - CONTROL NUMBER IDENTIFIER

  • control field: ABG508

005 - DATE AND TIME OF LATEST TRANSACTION

  • control field: 20260415090042.0

008 - FIXED-LENGTH DATA ELEMENTS

  • fixed length control field: 260415|| aca||aabn | a|a d

040 ## - CATALOGING SOURCE

  • Original cataloging agency: ABG508
  • Transcribing agency: ABG508

151 ## - HEADING--GEOGRAPHIC NAME

  • Geographic name: Rakousko
  • General subdivision: reálie

670 ## - SOURCE DATA FOUND

  • Source citation: Work cat.: (ABG508)34161: Paulík, Ivo, 1975- aut 20190, Na kole přes hranice Česka /

Používáme knihovní systém Koha